Service quality : multidisciplinary and multinational perspectives

Saved in:
Bibliographic Details
Other Authors: Brown, Stephen Walter 1943-
Format: Book
Language:English
Published: Lexington, Mass. : Lexington Books, c1991
Subjects:
Tags: Add Tag
No Tags, Be the first to tag this record!

MARC

LEADER 00000nam a2200000 i 4500
001 1/32460
008 960205s1991 eng d
020 |a 0669211524 ((alk. paper)) 
035 |l 10023760 
040 |a GR-MY-UA  |b gre  |e aacr 
041 0 |a eng 
082 0 |a 658.562  |2 (20) 
245 1 0 |a Service quality :  |b multidisciplinary and multinational perspectives /  |c edited by Stephen W. Brown ... [et. al.] 
260 |a Lexington, Mass. :   |b Lexington Books,   |c c1991 
300 |a p. cm 
500 |a Includes index 
650 0 0 |a Service industries  |x Quality control  |x Congresses. 
700 1 |a Brown, Stephen Walter  |d 1943- 
852 |a INST  |b CHIOS  |e 19960205  |h 658.562 SER  |p 005200004241  |q 005200004241  |t BK  |y 0 
909 |a Χ  |b 031022